000 00681nam a2200241Ia 4500
003 OSt
005 20220923225616.0
006 a|||||r|||| 00| 0
007 ta
008 220922b |||||||| |||| 00| 0 hin d
024 _a272,432
037 _cTextual
040 _aARTS
_cARTS
_bhin
041 _2hin
_ahin
082 _aV2:2:N7, 153L3
100 _aसीकरी
245 0 _aभारतीय संविधान का इतिहास
246 _aBhāratīya sanvidhān kā itihāsa
260 _c1973
650 _aविश्व-इतिहास
942 _hV2:2:N7, 153L3
_cTEXL
_2CC
999 _c379445
_d379445